Touchless Drone Navigation via Hand Gestures

Na minha lista:
Detalhes bibliográficos
Autor principal: Dukayová, Ivana (Author)
Outros Autores: Klaučo, Martin (Thesis advisor)
Formato: Manuscrito Livro
Idioma:eslovaco
inglês
Publicado em: 2024
Assuntos:
Acesso em linha:http://is.stuba.sk/zp/portal_zp.pl?podrobnosti=173752
Tags: Adicionar Tag
Sem tags, seja o primeiro a adicionar uma tag!

MARC

LEADER 00000ntm a22000003a 4500
001 stuzp99339
003 SK-STU
005 20240622210850.9
007 ta
008 150427s2015----xo-----f-mn---000-0-slo-d
040 |a STU  |b slo 
041 0 |a eng 
100 1 |a Dukayová, Ivana  |u 047220  |4 aut  |U FCHPT Ústav informatizácie, automatizácie a matematiky  |T FCHPT Oddelenie informatizácie a riadenia procesov  |X 115979  |U C7220  |Y 121  |7 115979 
242 0 1 |a Touchless Drone Navigation via Hand Gestures  |y slo 
245 1 0 |a Touchless Drone Navigation via Hand Gestures 
260 |c 2024 
650 4 |a počítačové videnie  |2 slo 
650 4 |a ovládanie drona  |2 slo 
650 4 |a neurónové siete  |2 slo 
650 4 |a rozpoznávanie gest  |2 slo 
650 4 |a gesture recognition  |2 eng 
650 4 |a computer vision  |2 eng 
650 4 |a drone control  |2 eng 
650 4 |a neural networks  |2 eng 
700 1 |a Klaučo, Martin  |u 047220  |k Z1  |4 ths  |U FCHPT Ústav informatizácie, automatizácie a matematiky  |T FCHPT Oddelenie informatizácie a riadenia procesov  |X 50920  |U C7220  |Y 121  |7 A0000050920 
856 4 |u http://is.stuba.sk/zp/portal_zp.pl?podrobnosti=173752